[Event "CRO-chT4 Center-A"]
[Site "Zagreb"]
[Date "2011.03.20"]
[Round "2.23"]
[White "Rudic, Zeljko"]
[Black "Mesar, Darko"]
[Result "0-1"]
[WhiteElo "2027"]
[BlackElo "1987"]
[PlyCount "108"]
[EventDate "2011.03.13"]
[EventType "team-tourn"]
[EventRounds "7"]
[EventCountry "CRO"]
[SourceTitle "EXT 2014"]
[Source "ChessBase"]
[SourceDate "2013.11.20"]
[SourceVersion "1"]
[SourceVersionDate "2013.11.20"]
[SourceQuality "1"]

1. d4 Nf6 2. Bf4 g6 3. Nf3 Bg7 4. c3 d6 5. Nbd2 Nh5 6. Bg5 h6 7. Bh4 g5 8. Bg3 Nxg3 9. hxg3 Bf5 10. Qb3 Qc8 11. e4 Bg6 12. Be2 Nd7 13. 0-0-0 c5 14. d5 0-0 15. Nh2 Nf6 16. Bd3 b5 17. Qxb5 Rb8 18. Qc4 Qb7 19. Nb3 Nd7 20. Rhe1 Ne5 21. Qa6 c4 22. Bxc4 Nxc4 23. Qxc4 Rfc8 24. Qa4 Rc7 25. Rd2 Qc8 26. Nd4 Rc4 27. Qc2 Qa6 28. Nc6 Rb7 29. a3 Qb6 30. Nf3 Bxc3 31. Nxe7+ Rxe7 32. bxc3 Rexe4 33. Rxe4 Bxe4 34. Qb2 Rxc3+ 35. Kd1 Qxb2 36. Rxb2 Rxa3 37. Ke2 Bxd5 38. Rb8+ Kg7 39. Rd8 Bc4+ 40. Kd2 d5 41. Ne5 f6 42. Rd7+ Kg8 43. Nc6 Ra2+ 44. Ke3 a5 45. Ne7+ Kf8 46. Nxd5 Bxd5 47. Rxd5 a4 48. Rd7 a3 49. g4 Ra1 50. Ra7 a2 51. Kf3 Ke8 52. Ke2 Kd8 53. g3 Kc8 54. f4 Rh1 0-1